Để xây dựng doanh nghiệp hiệu quả Tại sao các doanh nghiệp nhỏ hoạt động kém hiệu quả và làm thế nào để khắc phục
Gồm 3 phần: E - myth và các doanh nghiệp nhỏ ở Mỹ; cuộc cách mạng chìa khóa trao tay: Quan điểm mới về doanh nghiệp; xây dựng một doanh nghiệp hiệu quả.; Bìa sách ghi: The Emyth để xây dựng doanh nghiệp hiệu quả; the E - Myth: Những ngộ nhận về...
Đã lưu trong:
| 主要作者: | |
|---|---|
| 其他作者: | |
| 格式: | 圖書 |
| 語言: | Undetermined |
| 出版: |
H.
Thế giới ; Công ty Sách Alpha, 2016
|
| 主題: | |
| 在線閱讀: | http://lrc.tdmu.edu.vn/opac/search/detail.asp?aID=2&ID=28032 |
| 標簽: |
添加標簽
沒有標簽, 成為第一個標記此記錄!
|
| Thư viện lưu trữ: | Trung tâm Học liệu Trường Đại học Thủ Dầu Một |
|---|
| LEADER | 01226nam a2200217Ia 4500 | ||
|---|---|---|---|
| 001 | TDMU_28032 | ||
| 008 | 210410s9999 xx 000 0 und d | ||
| 082 | |a 306 | ||
| 090 | |b G206 | ||
| 100 | |a Gerber, Michael E | ||
| 245 | 0 | |a Để xây dựng doanh nghiệp hiệu quả | |
| 245 | 0 | |b Tại sao các doanh nghiệp nhỏ hoạt động kém hiệu quả và làm thế nào để khắc phục | |
| 245 | 0 | |c Michael E. Gerber; Phương Thúy dịch | |
| 260 | |a H. | ||
| 260 | |b Thế giới ; Công ty Sách Alpha, 2016 | ||
| 300 | |a 298 tr. | ||
| 520 | |a Gồm 3 phần: E - myth và các doanh nghiệp nhỏ ở Mỹ; cuộc cách mạng chìa khóa trao tay: Quan điểm mới về doanh nghiệp; xây dựng một doanh nghiệp hiệu quả.; Bìa sách ghi: The Emyth để xây dựng doanh nghiệp hiệu quả; the E - Myth: Những ngộ nhận về doanh nghiệp. | ||
| 650 | |a Quản trị kinh doanh |x Xây dựng doanh nghiệp | ||
| 700 | |a Phương, Thúy | ||
| 856 | |u http://lrc.tdmu.edu.vn/opac/search/detail.asp?aID=2&ID=28032 | ||
| 980 | |a Trung tâm Học liệu Trường Đại học Thủ Dầu Một | ||